000
00296nam a22001217a 4500
008
180926b xxu||||| |||| 00| 0 eng d
041
_a
eng
080
_a
030
100
_a
24
101
_a
ENC
245
_a
Encyclopedia Of British Writers 1800 To the Present
_c
Stade.G
942
_2
udc
_c
BK
999
_c
48487
_d
48487